00682 a2200181 4500952013100000999001500131020001800146050002000164100001900184245009500203264003400298300005500332440001900387500001900406650002300425700002400448942002800472 001040708NFICaCCLbCCLcGENd2020-10-01ePurchasei4580l0oGV867.5 MAR 1987pb017443r2020-10-01 00:00:00w2020-10-01yBK c1234d1234 a9780006930167 aGV867.5 MAR1987 a Marks, Graham aBaseball!! : ba guide to the ultimate American game/cGraham Marks & Christopher Maynard. aLondon : bArmada,c ♭1987. a80 pages : illustrations, maps, 1 portrait ; 20 cm aBaseball book. aIncludes index aBaseball - Manuals aChristopher Maynard 2lcccBKh867.5iMARkGV